| 000 | 00649nam a2200193 a 4500 | ||
|---|---|---|---|
| 005 | 20230929063603.0 | ||
| 008 | 991125s1984 mx 000 0 spa u | ||
| 035 | _aUPN01000038199 | ||
| 049 | _aCG | ||
| 050 | 4 |
_aHB849 _bR46.15 1984 |
|
| 111 | 2 |
_aSeminario sobre la Población y el Desarrollo Regional y Urbano _d(1982 : _cAguascalientes) |
|
| 245 | 1 | 0 | _aMemoria del seminario sobre la población y el desarrollo regional y urbano. |
| 260 |
_aMéxico : _bCONAPO, _c1984. |
||
| 300 | _a270 p. | ||
| 650 | 0 |
_aComunidad _xDesarrollo _zMéxico _99281 |
|
| 650 | 4 |
_aPoblación _vCongresos _91181 |
|
| 651 | 4 |
_aMEXICO - _xPOBLACION _916070 |
|
| 905 | _aLibro | ||
| 999 |
_c38199 _d38199 |
||